Power station enginering and economy (Record no. 10283)

MARC details
000 -LEADER
fixed length control field 00458nam a2200205Ia 4500
001 - CONTROL NUMBER
control field 099533
003 - CONTROL NUMBER IDENTIFIER
control field YMCAF
005 - DATE AND TIME OF LATEST TRANSACTION
control field 20230512162047.0
008 - FIXED-LENGTH DATA ELEMENTS--GENERAL INFORMATION
fixed length control field 100717s2009 ||||||||||||||||| ||und|d
024 ## - OTHER STANDARD IDENTIFIER
Standard number or code 99533
035 ## - SYSTEM CONTROL NUMBER
System control number 38991
040 ## - CATALOGING SOURCE
Original cataloging agency YMCAF
Language of cataloging eng
Transcribing agency IN-KoLT
041 ## - LANGUAGE CODE
Language code of text/sound track or separate title eng
082 ## - DEWEY DECIMAL CLASSIFICATION NUMBER
Classification number 621.312
Item number SKR
100 ## - MAIN ENTRY--PERSONAL NAME
Personal name Skrotzki, B G A
245 #0 - TITLE STATEMENT
Title Power station enginering and economy
260 ## - PUBLICATION, DISTRIBUTION, ETC.
Name of publisher, distributor, etc. TMH
Date of publication, distribution, etc. 2009
300 ## - PHYSICAL DESCRIPTION
Extent 751
942 ## - ADDED ENTRY ELEMENTS (KOHA)
Source of classification or shelving scheme Dewey Decimal Classification
Koha item type Books
Holdings
Withdrawn status Lost status Damaged status Not for loan Home library Current library Date acquired Cost, normal purchase price Total Checkouts Barcode Date last seen Cost, replacement price Price effective from Koha item type Public note G
        JC Bose University of Science & Technology JC Bose University of Science & Technology 17/07/2010 395.00   38992 12/05/2023 395.00 12/05/2023 Books C SI4956
        JC Bose University of Science & Technology JC Bose University of Science & Technology 17/07/2010 395.00   38991 12/05/2023 395.00 12/05/2023 Books C SI4956